书目信息 |
| 题名: |
犯罪现场
|
|
| 作者: | 王强 , 王帆 , 史玉哲 编译 | |
| 分册: | ||
| 出版信息: | 长春 时代文艺出版社 2009.02 |
|
| 页数: | 392页 | |
| 开本: | 23cm | |
| 丛书名: | 希区柯克悬念故事集 | |
| 单 册: | ||
| 中图分类: | I712.45 | |
| 科图分类: | ||
| 主题词: | 故事--gu shi--美国--现代--作品集 | |
| 电子资源: | ||
| ISBN: | 978-7-5387-2545-2 | |
| 000 | 01053nam 2200289 450 | |
| 001 | 012009258539 | |
| 005 | 20090504112909.32 | |
| 010 | @a978-7-5387-2545-2@dCNY26.00 | |
| 100 | @a20090504d2009 km y0chiy0120 ea | |
| 101 | 0 | @achi |
| 102 | @aCN@b220000 | |
| 105 | @ay z 000fy | |
| 106 | @ar | |
| 200 | 1 | @a犯罪现场@Afan zui xian chang@f王强 ... [等] 编译@Fwang qiang...[deng]bian yi |
| 210 | @a长春@c时代文艺出版社@d2009.02 | |
| 215 | @a392页@d23cm | |
| 225 | 2 | @a希区柯克悬念故事集@Axi qu ke ke xuan nian gu shi ji |
| 304 | @a题名页题 : 王强, 王帆, 史玉哲, 向宏, 李文君, 梦冬冬等编译 | |
| 330 | @a本书主要内容包括:犯罪现场,我能杀死你,连环命案,僵尸皇后,私密生活,上帝派来的魔鬼,冲洗洁净的尸体之案一个常见的错误,陷害我于油画之中等。 | |
| 410 | 0 | @12001 @a希区柯克悬念故事集 |
| 606 | 0 | @a故事@Agu shi@y美国@z现代@j作品集 |
| 690 | @aI712.45@v4 | |
| 701 | 0 | @a王强@Awang qiang@4编译 |
| 701 | 0 | @a王帆@Awang fan@4编译 |
| 701 | 0 | @a史玉哲@Ashi yu zhe@4编译 |
| 801 | 0 | @aCN@bQSSK@c20090504 |
| 905 | @b739722-24@dI712.45@eW312@f3 | |
| 犯罪现场/王强 ... [等] 编译.-长春:时代文艺出版社,2009.02 |
| 392页;23cm.-(希区柯克悬念故事集) |
| ISBN 978-7-5387-2545-2:CNY26.00 |
| 本书主要内容包括:犯罪现场,我能杀死你,连环命案,僵尸皇后,私密生活,上帝派来的魔鬼,冲洗洁净的尸体之案一个常见的错误,陷害我于油画之中等。 |
| ● |
| 相关链接 |
|
|
|
正题名:犯罪现场
索取号:I712.45/W312
 
预约/预借
| 序号 | 登录号 | 条形码 | 馆藏地/架位号 | 状态 | 备注 |
| 1 | 739722 | 207397226 | 文学库116/116文学库 29排2列5层/ [索取号:I712.45/W312] | 在馆 | |
| 2 | 739723 | 207397235 | 社科二线422/422社科库 32排2列4层/ [索取号:I712.45/W312] | 在馆 | |
| 3 | 739724 | 207397244 | 文学库116/116文学库 29排2列5层/ [索取号:I712.45/W312] | 在馆 |